The West : (Record no. 8342)

MARC details
000 -LEADER
fixed length control field 01251cam a2200349 i 4500
001 - CONTROL NUMBER
control field 17627391
003 - CONTROL NUMBER IDENTIFIER
control field mut
005 - DATE AND TIME OF LATEST TRANSACTION
control field 20240606081054.0
008 - FIXED-LENGTH DATA ELEMENTS--GENERAL INFORMATION
fixed length control field 130215s2014 mauab b 001 0 eng
010 ## - LIBRARY OF CONGRESS CONTROL NUMBER
LC control number 2013004227
020 ## - INTERNATIONAL STANDARD BOOK NUMBER
International Standard Book Number 9780205558117
020 ## - INTERNATIONAL STANDARD BOOK NUMBER
International Standard Book Number 0205558119
040 ## - CATALOGING SOURCE
Original cataloging agency DLC
Language of cataloging eng
Transcribing agency DLC
Description conventions rda
Modifying agency DLC
042 ## - AUTHENTICATION CODE
Authentication code pcc
050 00 - LIBRARY OF CONGRESS CALL NUMBER
Classification number CB245
Item number .W455 2007
082 00 - DEWEY DECIMAL CLASSIFICATION NUMBER
Classification number 909/.09821
Edition information 23
100 1# - MAIN ENTRY--PERSONAL NAME
Personal name Levack, Brian P.
245 14 - TITLE STATEMENT
Title The West :
Remainder of title encounters & transformations volume 1
250 ## - EDITION STATEMENT
Edition statement 2nd ed. Atlas ed.
264 #1 - PRODUCTION, PUBLICATION, DISTRIBUTION, MANUFACTURE, AND COPYRIGHT NOTICE
Place of production, publication, distribution, manufacture Boston :
Name of producer, publisher, distributor, manufacturer Pearson, Longman,
Date of production, publication, distribution, manufacture, or copyright notice 2007.
300 ## - PHYSICAL DESCRIPTION
Extent xxxviii, 952 pages :
Other physical details color illustrations, color maps ;
Dimensions 29 cm
336 ## - CONTENT TYPE
Content type term text
Source rdacontent
337 ## - MEDIA TYPE
Media type term unmediated
Source rdamedia
338 ## - CARRIER TYPE
Carrier type term volume
Source rdacarrier
504 ## - BIBLIOGRAPHY, ETC. NOTE
Bibliography, etc. note Includes bibliographical references and index.
650 #0 - SUBJECT ADDED ENTRY--TOPICAL TERM
Topical term or geographic name entry element Civilization, Western
General subdivision History
Form subdivision Textbooks.
700 1# - ADDED ENTRY--PERSONAL NAME
Personal name Muir, Edward,
Dates associated with a name 1946-
700 1# - ADDED ENTRY--PERSONAL NAME
Personal name Veldman, Meredith.
906 ## - LOCAL DATA ELEMENT F, LDF (RLIN)
a 7
b cbc
c orignew
d 1
e ecip
f 20
g y-gencatlg
942 ## - ADDED ENTRY ELEMENTS (KOHA)
Source of classification or shelving scheme Library of Congress Classification
Koha item type Books
Holdings
Withdrawn status Lost status Source of classification or shelving scheme Damaged status Not for loan Home library Current library Date acquired Total checkouts Full call number Barcode Date last seen Price effective from Koha item type
    Library of Congress Classification     Murang'a University of Technology Library Murang'a University of Technology Library 25/04/2017   CB245 .W455 2007 008880 30/08/2024 25/04/2017 Books